MARC

LEADER 00000nam0a2200000 4500
001 154565
005 20231101221757.0
010 |a 0306477513 
035 |a (RuTPU)RU\TPU\book\167658 
090 |a 154565 
100 |a 20090302d2003 k y0engy50 ba 
101 0 |a eng 
102 |a US 
105 |a a z 001zy 
200 1 |a Semiconductor Nanocrystals. From Basic Principles to Applications  |f edited by A. L. Efros, D. J. Lockwood, L. Tsybeskov 
210 |a New York  |c Kluwer Academic Publishers  |d 2003 
215 |a 263 p.  |c il. 
225 1 |a Nanostructure Science and Technology 
320 |a References at the end of chapters. 
320 |a Index: p. 261-263. 
606 1 |a Полупроводниковые материалы  |x Параметры  |x Измерение  |2 stltpush  |3 (RuTPU)RU\TPU\subj\50665  |9 69316 
610 1 |a полупроводники 
610 1 |a наноматериалы 
610 1 |a нанокристаллы 
610 1 |a получение 
610 1 |a применение 
610 1 |a производство 
610 1 |a английский язык 
675 |a 621.315.592  |v 3 
702 1 |a Efros  |b A. L.  |g Alexander L.  |4 340 
702 1 |a Lockwood  |b D. J.  |g David J.  |4 340 
702 1 |a Tsybeskov  |b L.  |g Leonid  |4 340 
801 1 |a RU  |b 63413507  |c 20090302  |g PSBO 
801 2 |a RU  |b 63413507  |c 20090325  |g PSBO 
942 |c BK